Miraculous Ladybug Kwami's - Statistics

General Stats
  • This quiz has been taken 68 times
  • The average score is 10 of 14
Answer Stats
Picture Answer % Correct
Tikki
100%
Plagg
98%
Pollen
89%
Nooroo
84%
Sass
84%
Trixx
84%
Wayzz
82%
Longg
71%
Fluff
65%
Mullo
62%
Barkk
60%
Roar
56%
Dusuu
45%
Daizzi
33%
No matching quizzes found
Score Distribution
Percent of People with Each Score
Percentile by Number Answered
Your Score History
You have not taken this quiz